| 000 | 00635nam a22001937a 4500 | ||
|---|---|---|---|
| 005 | 20240530110504.0 | ||
| 008 | 150929s2013 ua g 000 0 ara d | ||
| 017 |
_a3550 _bمصر . دار الكتب المصرية |
||
| 020 | _a9789773684422 | ||
| 040 | _aEG-CaGPL | ||
| 082 | 0 | 4 |
_221 _a413/ _bم م |
| 100 | 0 | _aمحسن محمد معالى | |
| 245 | 1 | 0 |
_aمعجم معالى اللغة / _cمحسن محمد معالى |
| 250 | _aط1 | ||
| 260 |
_aالاسكندرية : _bمؤسسة حورس الدولية ، _c2012 . |
||
| 300 |
_a752 ص ؛ _c24 سم . |
||
| 650 | 0 | 4 |
_aالللغة العربية _vمعاجم |
| 942 |
_2ddc _cBK |
||
| 999 |
_c61531 _d61531 |
||